000 00516nam a2200181Ia 4500
005 20250508152211.0
008 008 250505s9999 xx 000 0 eng d
037 _aTextual
040 _aFEDL
_beng
_cFEDL
041 _aeng
_2eng
084 _a901.9, BUR
_qFEDL
100 _aBurns Edward McNall
245 0 _aWestern civilizations their history and their culture
260 _aLondon, UK
_bPeter Owen Limited
300 _axxiii,935p.
942 _cTEXL
_h901.9, BUR
999 _c1334928
_d1334928